| 000 | 01167cam a22003497a 4500 | ||
|---|---|---|---|
| 003 | CHAP | ||
| 005 | 20220329141917.0 | ||
| 008 | 980525d1995 ph r 00110 spa d | ||
| 010 | _a75596 | ||
| 011 | _a76568 | ||
| 020 | _a9712200671 | ||
| 035 | _a86153 | ||
| 040 | _cCHAP | ||
| 082 | 0 | 4 |
_a633.18597 _bD4 |
| 100 | 0 | 0 |
_aDenning, G. L. _eed. _931802 |
| 245 | 1 | 0 |
_aVietnam and IRRI : _ba partnership in rice research : proceedings _ced. by G.L: Denning and Vo-Tong Xuan |
| 260 |
_aManila, Philippines : _bInternational Rice Research Institute, _c1995. |
||
| 300 |
_a350 p. : _bgráfs. ; cuadros |
||
| 590 |
_aBATCH-UPD _b10 _c20130110 _lUCH01 _h0701 |
||
| 590 |
_aBATCH-UPD _b10 _c20130410 _lUCH01 _h0346 |
||
| 590 |
_aBATCH-UPD _b10 _c20130914 _lUCH01 _h0411 |
||
| 590 |
_aCONVERSION _b10 _c20130109 _lUCH01 _h1341 |
||
| 650 | 1 | 4 |
_aArroz _xInvestigación. _97624 |
| 650 | 1 | 4 |
_aArroz _xMejoramiento. _97631 |
| 650 | 1 | 4 |
_aArroz _xPlagas. _97643 |
| 650 | 1 | 4 |
_aArroz _xVietnam. _97673 |
| 700 | 0 |
_aXuan, Vo-Tong _eed. _9122913 |
|
| 901 | _aBK | ||
| 905 | _aAlejandra Carrasco M. | ||
| 942 | _cLIBRO | ||
| 949 |
_a633.18597 D4 _bBC _cLIBRO _d33724000691770 _eLIBRO _h92700 _i86153 _sb |
||
| 999 |
_c75596 _d75596 |
||